000 00299nam a2200109Ia 4500
008 230320s9999||||xx |||||||||||||| ||spa||
082 _a320.985/L26
100 _aLópez Jiménez, Sinesio
245 0 _aCiudadanos Reales E Imaginarios
260 _bInstituto de diálogo y propuestas
942 _80
_cLIB
999 _c39206
_d39206